000 00332nam a22001457a 4500
008 210602b ||||| |||| 00| 0 eng d
020 _a9780073001265
041 _aeng
080 _23rd
_a82
082 _a82
100 _a21
101 _aGJL
245 _aSentence Combining a Composing Book
_cWilliam Strong
942 _2udc
_cBK
999 _c57932
_d57932